000
00315nam a2200121Ia 4500
008
190216s9999||||xx |||||||||||||| ||und||
100
_a
Owenhanson
245
0
_a
Essential Of Computer Data Files
260
_b
East-West Press
_c
1985
300
_a
176p
650
_a
"Computer Programming. Programs, Data"
942
_c
BK
999
_c
8554
_d
8554